| 000 | 00765cab a2200241 4500 | ||
|---|---|---|---|
| 001 | ABS42951 | ||
| 008 | 090401t1990 xxu||||| |||| 00| 0 eng d | ||
| 035 | _a(Sirsi) u39696 | ||
| 041 | _aeng | ||
| 100 | _aGraham, T. | ||
| 245 | _aInterest on costs in planning appeals | ||
| 260 | _c1990 | ||
| 350 | _a0 | ||
| 490 |
_aSolicitors` Journal _v134(25) 22 June 1990, 707-708(2) |
||
| 520 | _aAnalyses the steps which must be taken to obtain interest on costs in planning appeals quoting case law . | ||
| 650 | _aDOE CIRCULAR 02/1987 | ||
| 650 | _aHUNT V RM DOUGLAS ROOFING LTD | ||
| 650 | _aLOCAL GOVERNMENT ACT 1972 S250 | ||
| 650 | _aTOWN AND COUNTRY PLANNING ACT 1971 S280 | ||
| 690 | _aPLANNING LAW AND PRACTICE | ||
| 942 | _n0 | ||
| 948 | _c04/03/1997 | ||
| 999 |
_c25428 _d25428 |
||